000 00699nam a2200217 a 4500
999 _c10547
_d10547
001 10547
003 BD-JhCC
005 20180710101532.0
008 180710s2017 bg |||| |||| 000 0 ben d
020 _a9789849180487
035 _a(BD-JhCC)10547
040 _aBD-JhCC
_dBD-JhCC
041 _aben
082 _a891.4435
_bMAH 2017
100 _aমাহমুদ, ইফতেখার
245 _aকথা আর গল্পের জীবন /
_cইফতেখার মাহমুদ
260 _aঢাকা :
_bচেতনায় ঐতিহ্য,
_c২০১৭.
300 _a১১২ পৃ. :
_c২০ সেমি.
650 _aBengali Short story
942 _2ddc
_cBK